00444nam a2200133Ia 4500082001800000245007800018260005400096300001500150650003100165650003700196700001900233700001900252710003900271 a614.546 CEN-S 0aProceedings of the national seminar on Social science research on leprosy aHindinagarbGandhi Memorial Leprosy Foundationc0 aiii, 118p. aSocial sciences - Research aLeprosy - Research - Maharashtra aMorankar, S.N. aMutatkar, R.K. aSocial science research on leprosy